Information Technology VIII (Record no. 9130)

MARC details
000 -LEADER
fixed length control field 00263nam a22000977a 4500
008 - FIXED-LENGTH DATA ELEMENTS--GENERAL INFORMATION
fixed length control field 180123b ||||| |||| 00| 0 eng d
020 ## - INTERNATIONAL STANDARD BOOK NUMBER
International Standard Book Number 9788182962897
100 ## - MAIN ENTRY--PERSONAL NAME
Personal name Pandey V K
9 (RLIN) 4972
245 ## - TITLE STATEMENT
Title Information Technology VIII
260 ## - PUBLICATION, DISTRIBUTION, ETC. (IMPRINT)
Place of publication, distribution, etc. New Delhi
Name of publisher, distributor, etc. Arya Publication
Date of publication, distribution, etc. 2009
Holdings
Withdrawn status Lost status Source of classification or shelving scheme Damaged status Koha normalized classification for sorting Not for loan Home library Current library Shelving location Date acquired Total Checkouts Full call number Barcode Date last seen Price effective from Koha item type
    Dewey Decimal Classification   PAN_004_000000000000000_D9   Good Samaritan School Library Good Samaritan School Library Computer Science 01/23/2018   PAN004 D-9 PAN6324 01/23/2018 01/23/2018 BOOK

Powered by Koha